BIM overlay to the RIBA outline plan of work (Record no. 114243)
[ view plain ]
| 000 -LEADER | |
|---|---|
| fixed length control field | 01558cad a22002175a 4500 |
| 001 - CONTROL NUMBER | |
| control field | L156407 |
| 008 - FIXED-LENGTH DATA ELEMENTS--GENERAL INFORMATION | |
| fixed length control field | 120517s2012 xxk f 000 0 eng d |
| 020 ## - INTERNATIONAL STANDARD BOOK NUMBER | |
| International Standard Book Number | 9781859464670 |
| 035 ## - SYSTEM CONTROL NUMBER | |
| System control number | (Sirsi) u156407 |
| 041 0# - LANGUAGE CODE | |
| Language code of text/sound track or separate title | eng |
| 110 2# - MAIN ENTRY--CORPORATE NAME | |
| Corporate name or jurisdiction name as entry element | Royal Institute of British Architects |
| 9 (RLIN) | 2527 |
| 245 00 - TITLE STATEMENT | |
| Title | BIM overlay to the RIBA outline plan of work |
| Medium | [electronic resource] |
| 260 ## - PUBLICATION, DISTRIBUTION, ETC. | |
| Place of publication, distribution, etc. | London |
| Name of publisher, distributor, etc. | RIBA |
| Date of publication, distribution, etc. | 2012 |
| 520 ## - SUMMARY, ETC. | |
| Summary, etc. | This document is the result of a review of the Outline Plan of Work 2007 (Amended November 2008) by a working group under the direction of the RIBA Practice and Profession Committee. A number of clients have assisted in the review, and the RIBA members involved in the UK Government Cabinet Office and CIC BIM working groups have also contributed to the document. It builds on the Green Overlay to the RIBA Outline Plan of Work, edited by Bill Gething and recently published by RIBA Publishing. Together these two documents are part of the preparatory work being undertaken prior to a fundamental review of the RIBA Plan of Work that will take place in 2012-13. This document also forms part of the response from the construction industry, and in particular the RIBA, to the Government's commitment to have all its projects utilising BIM from the summer of 2012. |
| 590 ## - LOCAL NOTE (RLIN) | |
| Local note | KA NTK |
| 651 #4 - SUBJECT ADDED ENTRY--GEOGRAPHIC NAME | |
| Geographic name | United Kingdom |
| Chronological subdivision | |
| 690 ## - LOCAL SUBJECT ADDED ENTRY--TOPICAL TERM (OCLC, RLIN) | |
| Topical term or geographic name as entry element | BIM |
| 9 (RLIN) | 6219 |
| 700 1# - ADDED ENTRY--PERSONAL NAME | |
| Personal name | Sinclair, Dale |
| Relator term | Editor |
| 856 40 - ELECTRONIC LOCATION AND ACCESS | |
| Uniform Resource Identifier | <a href="https://www.ribabookshops.com/uploads/b1e09aa7-c021-e684-a548-b3091db16d03.pdf">https://www.ribabookshops.com/uploads/b1e09aa7-c021-e684-a548-b3091db16d03.pdf</a> |
| Public note | View the item free of charge at www.architecture.com |
| 942 ## - ADDED ENTRY ELEMENTS (KOHA) | |
| Suppress in OPAC | 0 |
| Withdrawn status | Lost status | Source of classification or shelving scheme | Damaged status | Not for loan | Home library | Current library | Shelving location | Date acquired | Total Checkouts | Full call number | Barcode | Date last seen | Copy number | Price effective from | Koha item type |
|---|---|---|---|---|---|---|---|---|---|---|---|---|---|---|---|
| Dewey Decimal Classification | Virtual | Virtual | Online | 17/05/2012 | ONLINE PUBLICATION | 156407-2001 | 06/08/2019 | 1 | 06/08/2019 | Book |